000 00193 a2200097 4500
001 9210
100 _aPotter, E B
245 _aSea power
260 _a
_bPrentice Hall
_c
090 _c7381
_d7381
942 _aNUST-CAE
_cM
_c34024
999 _c244283
_d244283